00377nam a2200121Ia 4500008004100000041000800041082001400049100001600063245007600079260003700155300001800192520004500210240719s9999 xx 000 0 und d aeng a303.3 HAR aHaarris JIM aThe Learning Paradox Gaining Success And Security In A World Of Change  aUKbCapstone A Wiley Brandc2001 a447.;P. 24 Cm aGifted By : IMT Faculty Dr.senthil kumar